000 00498nab a2200193 4500
001 244442
003 OSt
005 20230531131447.0
007 tu
008 200917s2020|||||||
040 _aDE-2950
_cDE-2950
245 0 0 _aKita Matroschka feiert 50-jähriges Bestehen.
264 _c2023
653 _aFrankfurt (Oder)
653 _aKindergarten
653 _aKita Matroschka
773 0 _g34. Jahrgang (2023) Nr. 120 vom 25.05.2023, S. 15: mit Foto
_tMärkische Oderzeitung
942 _2z
_cA
999 _c372488
_d372488